Modernizačné tendencie v stratégiách riešenia nezamestnanosti mládeže

Problematika nezamestnanosti mládeže. Sociologické údaje z výskumu Sociologického ústavu SAV za rok 1995 a komparácia výsledkov z roku 1993. Niektoré tendencie v stratégii mladých ľudí pri riešení prípadnej nezamestnanosti. Zmena zamestnania a nezamestnanosť. Stratégie riešenia nezamestnanosti mladý...

Ausführliche Beschreibung

Gespeichert in:
Bibliographische Detailangaben
1. Verfasser: Macháček, Ladislav
Format: Buchkapitel
Sprache:Slowakisch
Schlagworte:
Tags: Tag hinzufügen
Keine Tags, Fügen Sie das erste Tag hinzu!

MARC

LEADER 00000naa a2200000 4500
001 r022099
005 20230807094107.8
041 0 |a slo 
044 |a SK 
245 1 0 |a Modernizačné tendencie v stratégiách riešenia nezamestnanosti mládeže  |c Ladislav Macháček 
520 |a Problematika nezamestnanosti mládeže. Sociologické údaje z výskumu Sociologického ústavu SAV za rok 1995 a komparácia výsledkov z roku 1993. Niektoré tendencie v stratégii mladých ľudí pri riešení prípadnej nezamestnanosti. Zmena zamestnania a nezamestnanosť. Stratégie riešenia nezamestnanosti mladých ľudí na Slovensku a v Česku 1993-1995. 
610 2 0 |a nezamestnanosť 
610 2 0 |a mládež 
610 2 0 |a výskum sociologický 
610 2 0 |a Slovensko 
610 2 0 |a 1993 
610 2 0 |a 1995 
610 2 0 |a porovnanie štatistické 
610 2 0 |a Česko 
100 1 |a Macháček, Ladislav